000 02102nam a2200433 c 4500
003 BLK
005 20240115100619.0
008 180408b bul|||||r ||||||| ||bul||
010 _aKNG00072055000
020 _a954-26-0372-Х
_q9789542603726
040 _aBLK
041 _aBUL
_cBUL
080 _aВъзпитание у дома. Семейно възпитание
_b37.018.1
_x(035)
_z37.018.1(035)
080 _aПсихология на детската възраст. Интелектуално развитие на децата. Психически особености. Детски представи, описани в разкази
_b159.922.7
_x-053.5(035)
_z159.922.7-053.5(035)
080 _b173.5/.6
_x(035)
_z173.5/.6(035)
100 1 _aСпок, Бенджамин МакЛейн
_eпърви автор
_9122797
139 _aСпок, Бенджамин МакЛейн
_bС 58
245 1 0 _aРъководство на д-р Спок
_bГодините в училище
_cБенджамин МакЛейн Спок; съавт. Мартин Стайн; прев. от англ. Дори Генадиева Габровска.
257 _aUSA
260 _aПловдив
_bХермес
_c2006
_fХасково : Полиграфюг
300 _a304 с.
_c17 см
380 _a3
500 _aОриг. загл. Dr. Spock's the school years / Benjamin Spock, Martin T. Stein. - Азб. показалец
650 4 _aВъзпитание в семейството
_9242361
650 4 _aДетска и педагогическа психология
_9244538
653 _aдеца
653 _aучилище
653 _aсемейно възпитание
700 1 _aСтайн, Мартин
_eсъавт.
_9291685
700 1 _aГабровска, Дори Генадиева
_d1969 -
_eпрев. от англ.
_950364
852 _aЦб І 32343
856 4 _qpdf
856 4 _qpdf
942 _cKNG
_n0
_05
944 _aCR
_c22.02.2007
_lДиана Гривева
_k30529
944 _aED
_c19.06.2013
999 _c67741
_d67741
999 _d67741
999 _d67741